00463nam a2200181Ia 4500999001700000003000400017005001700021008004100038020001800079040000900097082002200106100001600128245003300144260003200177300000900209650001300218942005000231 c29073d29073OSt20201228103123.0190216s9999||||xx |||||||||||||| ||und|| a9798171306175 coclc a894.812301bSET/S aSethu96440 0aSethuvinte Kathakal /cSethu bDc Books,aKottayam:c2004. a327p aKathakal cBK2ddch894.812301iSET/Sk894.812301mSET/S